Türkiye'de çoğunluk ve azınlık politikaları (Record no. 10824)

MARC details
000 -BAŞLIK
Sabit Uzunlukta Kontrol Alanı 00956na a2200289 4500
001 - KONTROL NUMARASI
Denetim Alanı 24350
003 - KONTROL NUMARASI IDENTIFIER
Denetim Alanı MIRAKIL
005 - SON İŞLEM TARİHİ VE ZAMANI
Denetim Alanı 20181213155334.0
008 - SABİT-BOY VERİ ELEMANLARI - GENEL BİLGİLER
Sabit Uzunlukta Kontrol Alanı 180919b tu 000 0
020 ## - ULUSLARARASI STANDART KİTAP NUMARASI
Uluslararası Standart Kitap Numarası 9789758112651
040 ## - KATALOGLAMA KAYNAK
Orijinal Kataloglama Ajansı Milas
Kataloglama Dili tur
Metne Dönüştürmek Ajansı TR-AnCHP
041 ## - DİL KODU
Metin / Ses Parça Veya Ayrı Başlığın Dil Kodu tur
082 ## - DEWEY ONLU SINIFLANDIRMA NUMARASI
Sınıflandırma Numarası 323.09561
Ürün Numarası T96 2008
090 ## - SINIFLAMA NUMARASI
Sınıflama Numarası 323.09561 T96 2008
245 ## - BAŞLIK TABLOSU
Başlık Türkiye'de çoğunluk ve azınlık politikaları
Başlığın Kalan AB sürecinde yurttaşlık tartışmaları
Sorumluluk Tablosu, Vb derleyenler Ayhan Kaya, Turgut Tarhanlı
246 ## - UNVAN FORM VARYING
Başlık Doğru / Kısa Başlığı AB sürecinde yurttaşlık tartışmaları
250 ## - EDITION TABLOSU
Baskı Beyanı 3. bs.
260 ## - YAYIN, DAĞITIM, VB
Yayın, Dağıtım, Vb Yeri İstanbul
Yayıncı, Dağıtıcı, Vs Adı TESEV Yayınları
Yayın, Dağıtım, Vb Tarihi 2008
Üretici Firma Euromat
300 ## - FİZİKSEL TANIM
Kapsam 292 s.
Boyutlar 23 sm.
504 ## - KAYNAKÇA VB NOT
Kaynakça Vb Notu Kaynakça var.
650 ## - KONU KATMA GİRİŞ - TOPİKAL DÖNEM
Topikal Süreli Veya Coğrafi Ad Giriş Elemanı Yurttaşlık hakları
Genel Alt Bölümü Türkiye
650 ## - KONU KATMA GİRİŞ - TOPİKAL DÖNEM
Topikal Süreli Veya Coğrafi Ad Giriş Elemanı Yurttaşlık
Genel Alt Bölümü AB katılım süreci
Coğrafi Alt Bölümü Türkiye
700 ## - KATMA GİRİŞ - KİŞİSEL İSİM
Kişisel Ad Tarhanlı, Turgut
Relator Terim der.
700 ## - KATMA GİRİŞ - KİŞİSEL İSİM
Kişisel Ad Kaya, Ayhan
Relator Terim der.
740 ## - KATMA GİRİŞ - KONTROLSUZ İLGİLİ / ANALİTİK BAŞLIK
Kontrol Edilmeyen / İlgili Analitik Başlıktaki AB sürecinde yurttaşlık tartışmaları
942 ## - EKLENDİ GİRİŞ ELEMANLARI (KOHA)
Sınıflandırma Veya Raf Düzeni Kaynak
Koha Öğesi Türü Books
999 ## - SİSTEM KONTROL NUMARALARI (KOHA)
Koha Biblionumber 10824
Koha Biblioitemnumber 10824
Holdings
Kalıcı Konum Mevcut Konum Edinme Tarihi Edinim Kaynak Toplam Check-Out'Lar Tam Çağrı Numarası Barkod Tarih Son Görülme İtibaren Geçerli Fiyatlar Koha Öğesi Türü
CHP Kütüphanesi CHP Kütüphanesi 09/19/2018 Bağış   323.09561 T96 2008 007688 09/19/2018 09/19/2018 Books